Gestión integral de la calidad: implantación, control y certificación
Guardat en:
| Autor principal: | |
|---|---|
| Format: | Llibre |
| Idioma: | espanyol |
| Publicat: |
Barcelona, España.
Profit,
2010
|
| Matèries: | |
| Etiquetes: |
Afegir etiqueta
Sense etiquetes, Sigues el primer a etiquetar aquest registre!
|
MARC
| LEADER | 00000cam a2200000 a 4500 | ||
|---|---|---|---|
| 001 | UCC9615 | ||
| 003 | CL-VaPUC | ||
| 005 | 20240304152816.0 | ||
| 008 | 191010e20100000sp |||||||||||||||||spa|d | ||
| 999 | |c 375763 |d 375761 | ||
| 020 | |a 9788496998520 | ||
| 040 | |c Pontificia Universidad Católica de Valparaíso | ||
| 082 | 0 | 4 | |a 658.4013 CUA 2010 |2 21 |
| 100 | |a Cuatrecasas, Lluís |e author |9 222253 | ||
| 245 | 1 | 0 | |a Gestión integral de la calidad: implantación, control y certificación |
| 260 | |a Barcelona, España. |b Profit, |c 2010 | ||
| 300 | |a 380 páginas | ||
| 583 | |a last modification |c 20191010 15:29:00 |k Rodrigo Vera | ||
| 650 | 0 | |a Control de calidad |9 259714 | |
| 650 | 0 | |a Administración de empresas |9 260833 | |
| 650 | 0 | |a Competitividad |9 308495 | |
| 650 | 0 | |a Planificación estratégica |9 259735 | |
| 650 | 0 | |a Calidad total |9 259929 | |
| 650 | 0 | |a Estadística matemática |9 260028 | |
| 942 | |c BK |2 ddc | ||
| 945 | |d 20191010 15:29:00 |a cmena | ||
| 952 | |0 0 |1 0 |3 erb |4 0 |6 658_401300000000000_CUA_2010 |7 0 |8 A |9 494812 |a BIBING |b BIBING |i 5563534 |o 658.4013 CUA 2010 |p 5563534 |r 2025-01-20 |w 2019-11-24 |y BK |z Catalogado en:20191010 |k EII | ||